The leadership challenge (Record no. 48982)

MARC details
000 -LEADER
fixed length control field 00651nam a2200193 a 4500
008 - FIXED-LENGTH DATA ELEMENTS--GENERAL INFORMATION
fixed length control field 120416s1990 ||||||||||||||||| || u
020 ## - INTERNATIONAL STANDARD BOOK NUMBER
International Standard Book Number 155542211X
050 ## - LIBRARY OF CONGRESS CALL NUMBER
Classification number HD 57.7 Kou
100 ## - MAIN ENTRY--PERSONAL NAME
Personal name Kouzes, James M
245 14 - TITLE STATEMENT
Title The leadership challenge
246 ## - VARYING FORM OF TITLE
Title proper/short title how to get extra ordinary things done in organisations
260 ## - PUBLICATION, DISTRIBUTION, ETC.
Place of publication, distribution, etc. Francisco
Name of publisher, distributor, etc. Jossey-Bass
Date of publication, distribution, etc. 1990
300 ## - PHYSICAL DESCRIPTION
Extent xxx, 382p.
350 ## - PRICE (NR) (BK AM CF MU VM SE) [OBSOLETE]
Price 0.00
650 #0 - SUBJECT ADDED ENTRY--TOPICAL TERM
Topical term or geographic name entry element LEADERSHIP
650 #0 - SUBJECT ADDED ENTRY--TOPICAL TERM
Topical term or geographic name entry element MANAGEMENT
650 ## - SUBJECT ADDED ENTRY--TOPICAL TERM
Topical term or geographic name entry element EXECUTIVE ABILITY
995 ## - RECOMMENDATION 995 [LOCAL, UNIMARC FRANCE]
-- 0.00
-- CBU-MAIN LIBRARY (Kitwe)
-- 1
-- 14.95
-- 1
-- AVAILABLE
-- Main Library Open Access Collection
Holdings
Withdrawn status Lost status Source of classification or shelving scheme Damaged status Not for loan Home library Current library Shelving location Date acquired Total Checkouts Full call number Barcode Date last seen Price effective from Koha item type
          CBU-MAIN LIBRARY, KITWE. CBU-MAIN LIBRARY, KITWE.   11/30/2022   HD 57.7 Kou 003565 11/30/2022 11/30/2022 MONOGRAPH